000 00587nam a2200205 4500
003 OSt
005 20240626015642.0
006 a
008 240626b |||||||| |||| 00| 0 eng d
020 _a9831367235
040 _aDWCL-Main lib.
_cOC
082 _aFil. 158.1 R896p 2011
100 _aRubino, Joe
245 _aThe power to succeed, book II : more principles for powerful living /
260 _aMalaysia :
_bSynergy Books International,
_cc2011.
300 _b157 p. ;
_c22 cm.
650 _a1. Success.
650 _a2. Self-improvement.
942 _2ddc
_n0
_cBK - FIL
_kFil.
999 _c1359
_d1359